| 000 | 02142nam0a2200385 4500 | ||
|---|---|---|---|
| 001 | RU\NLR\bibl\1202760 | ||
| 005 | 20250615102302.0 | ||
| 010 |
_a5-98272-024-0 _9500 |
||
| 021 |
_aRU _b2008-905 |
||
| 035 | _a(nilc)RSL-KNO-003387155 | ||
| 035 | _a(NLR Aleph) 001189255 | ||
| 090 |
_a1706863 _c1706863 |
||
| 100 | _a20080220d2006 |||y0rusy50 ca | ||
| 101 | 0 | _arus | |
| 102 | _aRU | ||
| 105 | _aa ||||||||| | ||
| 200 | 1 |
_aФормирование сортимента для создания высокопродуктивных насаждений сливы на юге России _fР. Ш. Заремук |
|
| 210 |
_aКраснодар _cСеверо-Кавказский зональный НИИ садоводства и виноградарства Россельхозакадемии _d2006 |
||
| 215 |
_a255 с. _cил. _d22 |
||
| 320 | _aБиблиогр.: с. 229-253 (435 назв.) | ||
| 606 | 1 |
_aСливы _xУрожайность _xПовышение _xГенетические основы _yРоссийская Федерация _yЮг _92507252 _3RU\NLR\auth\661486623 |
|
| 606 | 1 |
_aСливы _xСелекция _yРоссийская Федерация _yЮг _92507253 _3RU\NLR\auth\661486624 |
|
| 610 | 0 | _aСельское и лесное хозяйство. Сельскохозяйственные и лесохозяйственные науки -- Специальное растениеводство -- Плодоводство -- Косточковые плодовые -- Слива. Алыча | |
| 610 | 0 | _aСельское и лесное хозяйство. Сельскохозяйственные и лесохозяйственные науки -- Российская Федерация -- Плодоводство | |
| 686 |
_aП256,0 _2rubbk |
||
| 686 |
_aП9(2Р)25,0 _2rubbk |
||
| 686 | _aП256.2-47(2Р37) | ||
| 686 | _aП256.2-31(2Р37) | ||
| 700 | 1 |
_aЗаремук _bР. Ш. _gРимма Шамсудиновна _4070 |
|
| 801 | 0 |
_aRU _bРКП _c20080220 _grcr |
|
| 801 | 1 |
_aRU _bРГБ _c20080220 |
|
| 801 | 2 |
_aRU _bNLR _c20080318 _grcr |
|
| 942 | _cBOOK | ||
| 980 | _aNB | ||